Nirman Purush Dr. Ambedkar Ki Samvidhan Yatra (Record no. 1848321)

MARC details
000 -LEADER
fixed length control field 00493nam a2200193 4500
005 - DATE AND TIME OF LATEST TRANSACTION
control field 20260420144218.0
008 - FIXED-LENGTH DATA ELEMENTS--GENERAL INFORMATION
fixed length control field 260420b |||||||| |||| 00| 0 eng d
020 ## - INTERNATIONAL STANDARD BOOK NUMBER
International Standard Book Number 9789352211951
040 ## - CATALOGING SOURCE
Transcribing agency LFL
041 ## - LANGUAGE CODE
Source of code hn
084 ## - COLON CLASSIFICATION NUMBER
Classification number V2y7M91 R0
100 ## - MAIN ENTRY--PERSONAL NAME
Personal name Baranwal, Anoop
245 ## - TITLE STATEMENT
Title Nirman Purush Dr. Ambedkar Ki Samvidhan Yatra
250 ## - EDITION STATEMENT
Edition statement 2nd.
260 ## - PUBLICATION, DISTRIBUTION, ETC.
Place of publication, distribution, etc. Pryagraj
Name of publisher, distributor, etc. Lokbharti Prakashan
Date of publication, distribution, etc. 2020
300 ## - PHYSICAL DESCRIPTION
Extent 329p
Other physical details HB
650 ## - SUBJECT ADDED ENTRY--TOPICAL TERM
Topical term or geographic name entry element Constitution
942 ## - ADDED ENTRY ELEMENTS (KOHA)
Source of classification or shelving scheme Colon Classification (CC)
Koha item type Textual
100 ## - MAIN ENTRY--PERSONAL NAME
-- 1111398
999 ## -
-- 1848321
-- 1848321
Holdings
Withdrawn status Lost status Source of classification or shelving scheme Damaged status Not for loan Home library Current library Date acquired Source of acquisition Inventory number Total checkouts Full call number Barcode Date last seen Copy number Price effective from Koha item type
    Colon Classification (CC)     Faculty of Law Library Faculty of Law Library 2025-12-23 Hindi Book Centre HBC/HB4683 23/12/2025   V2y7M91 R0 LL1943396 2026-04-20 1 2026-04-20 Textual
    Colon Classification (CC)     Faculty of Law Library Faculty of Law Library 2025-12-23 Hindi Book Centre HBC/HB4683 23/12/2025   V2y7M91 R0 LL1943397 2026-04-20 2 2026-04-20 Textual
    Colon Classification (CC)     Faculty of Law Library Faculty of Law Library 2025-12-23 Hindi Book Centre HBC/HB4683 23/12/2025   V2y7M91 R0 LL1943398 2026-04-20 3 2026-04-20 Textual
    Colon Classification (CC)     Faculty of Law Library Faculty of Law Library 2025-12-23 Hindi Book Centre HBC/HB4683 23/12/2025   V2y7M91 R0 LL1943399 2026-04-20 4 2026-04-20 Textual
    Colon Classification (CC)     Faculty of Law Library Faculty of Law Library 2025-12-23 Hindi Book Centre HBC/HB4683 23/12/2025   V2y7M91 R0 LL1943400 2026-04-20 5 2026-04-20 Textual
    Colon Classification (CC)     Faculty of Law Library Faculty of Law Library 2025-12-23 Hindi Book Centre HBC/HB4683 23/12/2025   V2y7M91 R0 LL1943401 2026-04-20 6 2026-04-20 Textual
    Colon Classification (CC)     Faculty of Law Library Faculty of Law Library 2025-12-23 Hindi Book Centre HBC/HB4683 23/12/2025   V2y7M91 R0 LL1943402 2026-04-20 7 2026-04-20 Textual
    Colon Classification (CC)     Faculty of Law Library Faculty of Law Library 2025-12-23 Hindi Book Centre HBC/HB4683 23/12/2025   V2y7M91 R0 LL1943403 2026-04-20 8 2026-04-20 Textual
Copyright @ Delhi University Library System